Every F1 Driver With At Least 100 Grand Prix Entries - Statistics

General Stats
  • This quiz has been taken 154 times
    108 since last reset
  • The average score is 57 of 83
Answer Stats
Entries Nationality Years Active Driver % Correct
356 Spain 2001, 2003-2018, 2021-present Fernando Alonso
100%
308 United Kingdom 2007-present Lewis Hamilton
100%
298 Germany 2007-present Sebastian Vettel
100%
353 Finland 2001-2009, 2012-2021 Kimi Räikkönen
99%
308 Germany 1991-2006, 2010-2012 Michael Schumacher
99%
181 Germany 1997-2007 Ralf Schumacher
98%
162 Brazil 1984-1994 Ayrton Senna
96%
237 Mexico 2011-present Sergio Pérez
95%
230 Australia 2011-present Daniel Ricciardo
94%
309 United Kingdom 2000-2017 Jenson Button
94%
199 Finland 2013-present Valtteri Bottas
94%
202 France 1980-1991, 1993 Alain Prost
93%
107 Netherlands 1994-1998, 2000-2001, 2003 Jos Verstappen
92%
161 Netherlands 2015-present Max Verstappen
92%
184 Germany 2010, 2012-2020, 2022 Nico Hülkenberg
92%
326 Brazil 1993-2011 Rubens Barrichello
92%
272 Brazil 2002, 2004-2017 Felipe Massa
91%
106 France 2017-present Pierre Gasly
91%
161 Spain 2015-present Carlos Sainz Jr.
89%
114 West Germany 1973-1980, 1982 Jochen Mass
89%
109 France 2016-2018, 2020-present Esteban Ocon
88%
140 Denmark 2014-2020, 2022-present Kevin Magnussen
88%
101 Monaco 2018-present Charles Leclerc
87%
128 Finland 1978-1986 Keke Rosberg
87%
217 Australia 2002-2013 Mark Webber
87%
165 Finland 1991-2001 Mika Häkkinen
87%
206 Germany 2006-2016 Nico Rosberg
87%
177 Austria 1971-1979, 1982-1985 Niki Lauda
87%
207 Brazil 1978-1991 Nelson Piquet
85%
165 Canada 1996-2006 Jacques Villeneuve
84%
122 United Kingdom 1992-1999 Damon Hill
81%
179 United Kingdom 1958-1975 Graham Hill
81%
112 Russia 2014-2017, 2019-2020 Daniil Kvyat
80%
247 United Kingdom 1994-2008 David Coulthard
80%
121 Canada 2017-present Lance Stroll
80%
181 France 2009, 2012-2020 Romain Grosjean
80%
191 United Kingdom 1980-1992, 1994-1995 Nigel Mansell
78%
149 Brazil 1970-1980 Emerson Fittipaldi
73%
231 Italy 1996-2009 Giancarlo Fisichella
72%
104 New Zealand 1958-1970 Bruce McLaren
68%
210 Austria 1984-1997 Gerhard Berger
68%
100 United Kingdom 1965-1973 Jackie Stewart
68%
120 Belgium 1967-1979 Jacky Ickx
68%
113 South Africa 1972-1980 Jody Scheckter
68%
112 New Zealand 1965-1974 Denny Hulme
67%
256 Italy 1997-2011 Jarno Trulli
67%
128 Australia 1955-1970 Jack Brabham
66%
131 United States 1968-1972, 1974-1982 Mario Andretti
66%
117 Australia 1975-1981, 1983, 1985-1986 Alan Jones
65%
112 Finland 2007-2013 Heikki Kovalainen
64%
160 Germany 1994-2003 Heinz-Harald Frentzen
62%
257 Italy 1977-1993 Riccardo Patrese
62%
148 United Kingdom 1993-2002 Eddie Irvine
61%
202 France 1989-2001 Jean Alesi
61%
146 Argentina 1972-1982 Carlos Reutemann
60%
185 Germany 2000-2011 Nick Heidfeld
60%
123 Sweden 1960-1978 Ronnie Peterson
60%
139 Switzerland 1970-1980 Clay Regazzoni
58%
164 France 1978-1989 René Arnoux
58%
107 Spain 1995-2002, 2005-2006, 2010-2012 Pedro de la Rosa
56%
158 France 1994-1999, 2001-2004 Olivier Panis
54%
128 Germany 2007-2011, 2013-2014 Adrian Sutil
53%
111 Finland 1994-2000, 2002 Mika Salo
53%
164 Belgium 1983-1993 Thierry Boutsen
53%
180 France 1974-1986 Jacques Laffite
52%
165 United Kingdom 1989-2000 Johnny Herbert
51%
215 Italy 1981-1994 Michele Alboreto
51%
113 United Kingdom 1960-1972 John Surtees
49%
154 United Kingdom 1973-1983, 1985 John Watson
46%
165 United Kingdom 1984-1989, 1991-1996 Martin Brundle
45%
103 Sweden 1980, 1983-1991 Stefan Johansson
44%
123 France 1977-1979, 1981-1986 Patrick Tambay
40%
214 Italy 1980-1994 Andrea de Cesaris
39%
109 Italy 1979-1986 Elio de Angelis
39%
100 Switzerland 1962-1971 Jo Siffert
38%
108 Sweden 1956-1971 Jo Bonnier
34%
108 New Zealand 1963-1976 Chris Amon
29%
143 United States 1978, 1980-1989 Eddie Cheever
28%
143 France 1971, 1973-1983 Jean-Pierre Jarier
25%
124 Italy 1984-1985, 1988-1995 Pierluigi Martini
24%
162 United Kingdom 1980-1990, 1993 Derek Warwick
21%
116 France 1984-1990, 1993-1994 Philippe Alliot
18%
111 Italy 1981, 1983-1989 Piercarlo Ghinzani
9%
No matching quizzes found
Score Distribution
Percent of People with Each Score
Percentile by Number Answered
Your Score History
You have not taken this quiz since the last reset